6-Letter Words by Description - Statistics

General Stats
  • This quiz has been taken 32 times
  • The average score is 5 of 10
Answer Stats
Hint Answer % Correct
A fatal substance when absorbed
by a living organism; ______ Ivy.
poison
100%
______ is The New Black; a fruit
or a color combination of red and
yellow in painting and arts.
orange
80%
One of the treats one
indirectly gives to Saint
Nicholas as a gift alongside
milk during Christmas Eve.
cookie
67%
A response to a question or
interrogation. One finds this when
they are curious about something.
answer
57%
Resuscitate; bring back
to life, or resurrect.
revive
47%
Versailles, Tordesillas,
Paris, Brest-Litovsk
treaty
40%
"I have the best _____ for you."
A recommendation by a person.
advice
20%
Attack; measured in coulombs. charge
17%
Antidote; a type of substance used
to treat illnesses or an attack by #2.
remedy
13%
An expression used to indicate
acknowledgement of a good point.
touché
10%
No matching quizzes found
Score Distribution
Percent of People with Each Score
Percentile by Number Answered
Your Score History
You have not taken this quiz